|
|
|
|
| LEADER |
00000nab a2200000ua 4500 |
| 001 |
vtls010803078 |
| 003 |
SK-MaSNL |
| 005 |
20260304204320.0 |
| 008 |
230222s2008 xo |||||||||||||||||slo| |
| 035 |
|
|
|a (urnnbn)urn:nbn:sk:snk:ar-a04hcw
|
| 035 |
|
|
|a (uuid)d2c2062e-9895-4e8b-8f39-dd4f4b6f1378
|
| 035 |
|
|
|a urn:nbn:sk:snk-ab4slj
|
| 040 |
|
|
|a SNKBUCL
|b slo
|c SNKBUCL
|e AACR2
|
| 041 |
0 |
|
|a slo
|
| 044 |
|
|
|a xo
|c SK
|
| 100 |
1 |
|
|a Otčenášová, Alena,
|d 1961-
|4 aut
|9 12234
|
| 245 |
1 |
0 |
|a POSÚDENIE VPLYVU DISTRIBUOVANÝCH ZDROJOV NA LOKALIZÁCIU MIESTA PORUCHY V SIEŤACH 22 kV
|c A. Otčenášová, P. Braciník
|
| 700 |
1 |
|
|a Braciník, Peter,
|d 1979-
|4 aut
|9 258178
|
| 773 |
0 |
|
|t Advances in electrical and electronic engineering
|g Roč. 7, č. 3 (2008), s. 416-420
|
| 954 |
|
|
|a odborná, vedecká literatúra pôvodná (slovenská)
|2 lita
|
| 958 |
|
|
|a OND
|
| 958 |
|
|
|a EUIPO
|
| 958 |
|
|
|a article3
|
| 999 |
|
|
|c 3115321
|d 3117251
|